Chansons de Scorpions - Mort subite - Statistiques

Statistiques générales
  • Ce quiz a été pris 47 fois
  • Le résultat moyen est 8 sur 20
Answers on the Grid
Answers color-coded by a green-red scale on the quiz's grid according to % correct below.
Wind Of Change
Believe In Love
Still Loving You
Rock You Like A Hurricane
Send Me An Angel
The Same Thrill
Tease Me Please Me
Don't Believe Her
I'm Leaving You
The Zoo
Lovedrive
Another Piece Of Meat
Always Somewhere
Lady Starlight
Hit Between The Eyes
Holiday
Coming Home
Blackout
Big City Nights
Bad Boys Running Wild
Knockin' On Heaven's Door
Listen To Your Heart
Livin' On A Prayer
Bad Medicine
Wanted Dead Or Alive
Daddy Cool
It's My Life
You Give Love A Bad Name
Fat Bottomed Girls
Radio Ga Ga
Total Eclipse Of The Heart
Is This Love
 
Statistiques - réponses
Réponse % Correct
Still Loving You
89%
Wind Of Change
78%
Rock You Like A Hurricane
64%
Send Me An Angel
58%
Always Somewhere
50%
Blackout
44%
Lovedrive
44%
Holiday
42%
Big City Nights
39%
The Zoo
36%
Bad Boys Running Wild
33%
Tease Me Please Me
33%
Believe In Love
31%
Don't Believe Her
28%
Lady Starlight
28%
Another Piece Of Meat
25%
Hit Between The Eyes
25%
Coming Home
22%
I'm Leaving You
22%
The Same Thrill
22%
Aucun quiz correspondant
Distribution des résultats
% des personnes avec chaque résultat
Percentile par nombre de réponses
Votre historique - résultats
Vous n’avez pas pris ce quiz